Jnana-Yoga / (Record no. 193868)
[ view plain ]
| 000 -LEADER | |
|---|---|
| fixed length control field | 00563nam a22001817a 4500 |
| 005 - DATE AND TIME OF LATEST TRANSACTION | |
| control field | 20230209142939.0 |
| 010 ## - LCCN (DPL NO) | |
| LC control number | E.N.A./7.11.22 |
| 020 ## - INTERNATIONAL STANDARD BOOK NUMBER | |
| International Standard Book Number | 9789394888043 |
| Terms of availability | 995.00 |
| 037 ## - SOURCE OF ACQUISITION | |
| Source of stock number/acquisition | KHB Publishing House |
| 082 ## - DEWEY DECIMAL CLASSIFICATION NUMBER | |
| Classification number | 181.46 |
| 100 ## - MAIN ENTRY--PERSONAL NAME | |
| Personal name | Vivekananda, Swami |
| 245 ## - TITLE STATEMENT | |
| Title | Jnana-Yoga / |
| Statement of responsibility, etc | by Swami Vivekananda |
| 260 ## - PUBLICATION, DISTRIBUTION, ETC. (IMPRINT) | |
| Place of publication, distribution, etc | Delhi |
| Name of publisher, distributor, etc | Sonam Enterprises |
| Date of publication, distribution, etc | 2022 |
| 270 ## - ADDRESS | |
| Address | B-14-15, Gali No.10, Jagatpuri Extn., |
| City | Delhi |
| Postal code | 110 093 |
| 300 ## - PHYSICAL DESCRIPTION | |
| Extent | 278 p. |
| Dimensions | 22cm. (Hb) |
| 490 ## - SERIES STATEMENT | |
| Series statement | Strength is life:weakness is death |
| 942 ## - ADDED ENTRY ELEMENTS (KOHA) | |
| Item type | English Books |
| Classification part | 181.46 |
| Call number suffix | VIV |
| Source of classification or shelving scheme | Dewey Decimal Classification |
No items available.
